Unique quintessence of sociology for U.P.S.C. and State Civil Services (preliminary) examinations and other competitive examinations / (Record no. 64847)
[ view plain ]
| 000 -LEADER | |
|---|---|
| fixed length control field | 00869nam a22002057a 4500 |
| 005 - DATE AND TIME OF LATEST TRANSACTION | |
| control field | 20181116114940.0 |
| 010 ## - LCCN (DPL NO) | |
| LC control number | B-229886 |
| 020 ## - INTERNATIONAL STANDARD BOOK NUMBER | |
| International Standard Book Number | 8183571174 |
| Terms of availability | 400.00 |
| 035 ## - SYSTEM CONTROL NUMBER | |
| System control number | B-229880, B-229886 B-229882 |
| 082 ## - DEWEY DECIMAL CLASSIFICATION NUMBER | |
| Classification number | 301 |
| 245 ## - TITLE STATEMENT | |
| Title | Unique quintessence of sociology for U.P.S.C. and State Civil Services (preliminary) examinations and other competitive examinations / |
| Statement of responsibility, etc | edited by J.K. Chopra |
| 250 ## - EDITION STATEMENT | |
| Edition statement | 27th ed. |
| 260 ## - PUBLICATION, DISTRIBUTION, ETC. (IMPRINT) | |
| Place of publication, distribution, etc | New Delhi |
| Name of publisher, distributor, etc | Unique Publishers |
| Date of publication, distribution, etc | 2007 |
| 270 ## - ADDRESS | |
| Address | M-51, Lajpat Nagar-II, |
| City | New Delhi |
| Postal code | 110024 |
| Telephone number | 29833520 |
| Fax number | 46573070 |
| Electronic mail address | uniquepublishers@hotmail.com |
| 300 ## - PHYSICAL DESCRIPTION | |
| Extent | xx,900p. |
| Dimensions | 27cm. (pbk) |
| 700 ## - ADDED ENTRY--PERSONAL NAME | |
| Personal name | Chopra, J.K. |
| 9 (RLIN) | 790 |
| 942 ## - ADDED ENTRY ELEMENTS (KOHA) | |
| Source of classification or shelving scheme | Dewey Decimal Classification |
| Item type | English Books |
| Call number suffix | UNI |
| Classification part | 301 |
| Withdrawn status | Lost status | Not for loan | Collection code | Home library | Current library | Date acquired | Cost, normal purchase price | Full call number | Barcode | Cost, replacement price | Koha item type | Copy number |
|---|---|---|---|---|---|---|---|---|---|---|---|---|
| Non-fiction | R.C.Libraries (zls) | R.C.Libraries (zls) | 06/11/2018 | 400.00 | 301 UNI | B-229886 | 400.00 | English Books | 1 | |||
| Non-fiction | R.C.Libraries (zls) | R.C.Libraries (zls) | 16/11/2018 | 400.00 | 301 UNI | B-229882 | 400.00 | English Books | ||||
| Non-fiction | Sarojini Nagar | Sarojini Nagar | 11/04/2012 | 400.00 | 301 UNI | B-229880 | 400.00 | English Books |
